000 00997nam a22003137a 4500
003 CHAP
005 20220817044254.0
008 090602s1995 ec a r 00010 spa d
010 _a96298
011 _a97270
020 _a997804129X
035 _a107934
040 _cCHAP
090 _aFolleto 17428
100 1 _aSuquilanda V., Manuel B.
_9110761
245 1 3 _aEl biol :
_bfitoestimulante orgánico
_c/por Mnuel B. Suquilanda V.
260 _aQuito :
_bFundación para el Desarrollo Agropecuario,
_c1995
300 _a37 p. :
_bilus.
490 0 _aAgricultura orgánica
_v; 4
590 _aBATCH-UPD
_b10
_c20130110
_lUCH01
_h0437
590 _aCONVERSION
_b10
_c20130109
_lUCH01
_h1353
650 1 4 _aHormonas vegetales.
650 1 4 _aPlantas
_xCrecimiento
_xAditivos.
_988804
650 1 4 _aPlantas
_xCrecimiento
_xEstimulantes.
_988808
830 0 _aAgricultura orgánica
_v; 4
_92006
901 _aBK
942 _cFOLL
949 _aFolleto 17428
_bBC
_cFOLL
_d33724002081347
_eTS1
_i107934
_sb
999 _c96298
_d96298